|
|
|
|
| LEADER |
00000cam a2200000 7i4500 |
| 001 |
0000001395 |
| 005 |
20031204.0 |
| 020 |
0 |
0 |
|a 9679991563
|
| 090 |
0 |
0 |
|a 634.90720595
|b CON 1991
|
| 110 |
1 |
0 |
|a CONFERENCE on Malaysian Forestry and Forest Products Research
|
| 245 |
1 |
0 |
|a Malaysian Forestry and Forest Products Research, October 3-4, 1990 :
|b Proceedings of the Conference
|c editors, S. Appanah, F. S. P. Ng, Roslan Ismail
|
| 260 |
0 |
0 |
|a Kuala Lumpur :
|b Institut Penyelidikan Perhutanan Malaysia ,
|c 1991
|
| 300 |
|
|
|a 194 p. ;
|c 25 cm.
|
| 500 |
0 |
0 |
|a Includes bibliographical references
|
| 650 |
0 |
0 |
|a Forest management
|x Research
|z Malaysia
|x Congresses
|
| 650 |
0 |
0 |
|a Forest products industry
|z Malaysia
|x Congresses
|
| 650 |
0 |
0 |
|a Forests and forestry
|x Research
|z Malaysia
|x Congresses
|
| 700 |
0 |
1 |
|a Appanah
|h S.
|
| 700 |
0 |
1 |
|a Ng
|h F. S. P.
|
| 700 |
0 |
1 |
|a Roslan Ismail
|
| 710 |
1 |
1 |
|a Institut Penyelidikan Perhutanan Malaysia (FRIM)
|
| 998 |
|
|
|a JPSM
|
| 999 |
|
|
|a 0000000076
|b Monograph
|c Open Shelf
|e Default branch
|
| 999 |
|
|
|a 0000000086
|b Monograph
|c Open Shelf
|e Default branch
|
| 999 |
|
|
|a 0000000960
|b Monograph
|c Open Shelf
|e Default branch
|
| 999 |
|
|
|a 0000000961
|b Monograph
|c Open Shelf
|e Default branch
|
| 999 |
|
|
|a 0000001449
|b Monograph
|c Open Shelf
|e Default branch
|
| 999 |
|
|
|a 0000001539
|b Monograph
|c Open Shelf
|e Default branch
|
| 999 |
|
|
|a 0000001592
|b Monograph
|c Open Shelf
|e Default branch
|
| 999 |
|
|
|a 0000002384
|b Monograph
|c Open Shelf
|e Default branch
|
| 999 |
|
|
|a 007728
|b Monograph
|c Open Shelf
|e Default branch
|